000
00284nam a22001217a 4500
008
160419b xxu||||| |||| 00| 0 eng d
020
_a
9780781793841
020
_a
078179384X
041
_a
eng
080
_a
618.2
245
1
0
_a
Clinical nursing skills:
_c
Pamela Lynn;
942
_2
udc
_c
BK
999
_c
1432
_d
1432